Normal view
MARC view
Entry Personal Name
001 - CONTROL NUMBER
- control field: 28580
003 - CONTROL NUMBER IDENTIFIER
- control field: OSt
005 - DATE AND TIME OF LATEST TRANSACTION
- control field: 20211101151710.0
008 - FIXED-LENGTH DATA ELEMENTS
- fixed length control field: 211101|| aca||aabn | a|a d
040 ## - CATALOGING SOURCE
- Original cataloging agency: OSt
- Transcribing agency: OSt
100 ## - HEADING--PERSONAL NAME
- Personal name: Roy, Souvanic and Chatterji, Tathagata
670 ## - SOURCE DATA FOUND
- Source citation: Work cat.: (OSt)518125: Roy, Souvanic and Chatterji, Tathagata , The pandemic and reimagining the urban through he lens of progressive state responses
